000 00696nam a2200205 u 4500
001 000002003
005 20240412074159.0
008 090630s2007 dr 000 p spa d
040 _aDO-SdBNP
_bspa
_cBNPHU
082 _aRD861.44
_bA696a
100 1 _aArias Rivera, Erasmo C.
_96482
245 1 0 _aAvance a los temas y sentimientos /
_cErasmo C. Arias Rivera.
260 _aSanto Domingo :
_bLab. Fotomecánica Cipriano,
_c2007.
300 _a48 p. ;
_c21 cm.
590 _aLa biblioteca posee 2 ejemplares autografiados por el autor.
590 _aInventariado, 2018/LP
650 0 _aPoesĂ­a dominicana
_966
650 0 _aLiteratura dominicana.
_967
910 _aValidado. Control de calidad MFF
999 _c1869
_d1869